Aplikácia rekombinantnej reverznej transkriptázy vírusového pôvodu v diagnostike COVID-19

Guardado en:
Detalles Bibliográficos
Autor principal: Dobrovodský, Pavol (Autor)
Otros Autores: Petrovičová, Tatiana (Orientador)
Formato: Manuscrito Libro
Lenguaje:eslovaco
Publicado: 2021
Materias:
Acceso en línea:http://is.stuba.sk/zp/portal_zp.pl?podrobnosti=148922
Etiquetas: Agregar Etiqueta
Sin Etiquetas, Sea el primero en etiquetar este registro!

MARC

LEADER 00000ntm a22000003a 4500
001 stuzp85006
003 SK-STU
005 20210626212019.6
007 ta
008 150427s2015----xo-----f-mn---000-0-slo-d
040 |a STU  |b slo 
041 0 |a slo 
100 1 |a Dobrovodský, Pavol  |u 044000  |4 aut  |U FCHPT Fakulta chemickej a potravinárskej technológie  |T FCHPT Ústav biotechnológie  |X 97399  |U C4000  |Y 102  |7 97399 
242 0 1 |a Application of Recombinant Viral Reverse Transcriptase in COVID-19 Diagnostics  |y eng 
245 1 0 |a Aplikácia rekombinantnej reverznej transkriptázy vírusového pôvodu v diagnostike COVID-19 
260 |c 2021 
650 4 |a reverzná transkriptáza  |2 slo 
650 4 |a E. coli  |2 slo 
650 4 |a rekombinantná expresia  |2 slo 
650 4 |a PCR  |2 slo 
650 4 |a reverse transcriptase  |2 eng 
650 4 |a PCR  |2 eng 
650 4 |a E. coli  |2 eng 
650 4 |a recombinant expression  |2 eng 
700 1 |a Petrovičová, Tatiana  |u 044000  |k Z2  |4 ths  |U FCHPT Fakulta chemickej a potravinárskej technológie  |T FCHPT Ústav biotechnológie  |X 42770  |U C4000  |Y 102  |7 A000042770 
856 4 |u http://is.stuba.sk/zp/portal_zp.pl?podrobnosti=148922